{"text_format":"3","workbook":"xls","n_sheets":6,"sheets":["封面(1.1.1)","单位工程审核汇总表(1.1.1)","规费、人工费价差、税金审核书(1.1.1)","分部分项审核书(含定额)(1.1.1)","措施分项审核书2(1.1.1)","主要材料价格表(含合计)(1.1.1)"],"read":"whole","date_system":"1900","formulas":"cached_only"}

{"sheet":"封面(1.1.1)","index":0,"n_rows":15,"n_cols":5,"rows_kept":15,"merged":[[0,0,0,4],[1,1,1,4],[2,1,2,4],[3,1,3,4],[4,1,4,3],[5,1,5,3],[6,1,6,3],[7,1,7,4],[8,0,8,1],[8,2,8,4],[9,1,9,4],[10,0,10,1],[10,2,10,4],[11,1,11,4],[12,1,12,4],[13,1,13,4],[14,0,14,1],[14,3,14,4]],"flags":["formulas_cached_only"]}
["工程审核书"]
["建设单位：","武夷学院"]
["工程名称：","瑞樟教学区北区7-11号室内修缮工程"]
["工程编号：",""]
["建筑面积：",{"$nulls":3},"平方米"]
["工程造价：",288901,null,null,"元"]
["送审造价：",296143,null,null,"元"]
["编 制 人：",""]
["编制人证书编号：",null,""]
["审 核 人：",""]
["审核人证书编号：",null,""]
["编制单位：",""]
["编制日期：","2012年7月10日"]
["",""]
["",null,"",""]

{"sheet":"单位工程审核汇总表(1.1.1)","index":1,"n_rows":30,"n_cols":5,"rows_kept":30,"merged":[[0,0,0,4],[1,0,1,4],[2,0,2,3]],"flags":["formulas_cached_only"]}
["单位工程审核汇总表"]
["装饰工程"]
["工程名称：瑞樟教学区北区7-11号室内修缮工程",{"$nulls":3},"第1页 共1页"]
["序号","汇 总 内 容","审前造价","审后造价","审核增减"]
["1","分部分项工程费",{"v":217926,"d":"217926.00"},{"v":213606,"d":"213606.00"},{"v":-4320,"d":"-4320.00"}]
["1.1","装饰工程",{"v":217926,"d":"217926.00"},{"v":213606,"d":"213606.00"},{"v":-4320,"d":"-4320.00"}]
["2","措施项目费",{"v":13968,"d":"13968.00"},{"v":13923,"d":"13923.00"},{"v":-45,"d":"-45.00"}]
["2.1","安全施工",{"v":501,"d":"501.00"},{"v":491,"d":"491.00"},{"v":-10,"d":"-10.00"}]
["2.2","文明施工",{"v":741,"d":"741.00"},{"v":726,"d":"726.00"},{"v":-15,"d":"-15.00"}]
["2.3","临时设施",{"v":392,"d":"392.00"},{"v":384,"d":"384.00"},{"v":-8,"d":"-8.00"}]
["2.4","环境保护",{"v":4146.5,"d":"4146.50"},{"v":4146.5,"d":"4146.50"}]
["3","其他项目费"]
["3.1","暂列金额"]
["3.2","计日工"]
["3.3","总承包服务费"]
["4","规费",{"v":12567,"d":"12567.00"},{"v":11490,"d":"11490.00"},{"v":-1077,"d":"-1077.00"}]
["A","工程排污费"]
["B","劳保费用",{"v":11270,"d":"11270.00"},{"v":11058,"d":"11058.00"},{"v":-212,"d":"-212.00"}]
["C","农民工工伤保险费"]
["D","危险作业意外伤害保险费",{"v":441,"d":"441.00"},{"v":432,"d":"432.00"},{"v":-9,"d":"-9.00"}]
["E","价格调节基金",{"v":856,"d":"856.00"},null,{"v":-856,"d":"-856.00"}]
["5","人工费价差",{"v":41731,"d":"41731.00"},{"v":40174,"d":"40174.00"},{"v":-1557,"d":"-1557.00"}]
["6","税金",{"v":9951,"d":"9951.00"},{"v":9708,"d":"9708.00"},{"v":-243,"d":"-243.00"}]
["7","总造价",{"v":296143,"d":"296143.00"},{"v":288901,"d":"288901.00"},{"v":-7242,"d":"-7242.00"}]
["","人工费合计",{"v":73709,"d":"73709.00"},{"v":70973,"d":"70973.00"},{"v":-2736,"d":"-2736.00"}]
["","材料费合计",{"v":141074,"d":"141074.00"},{"v":139869,"d":"139869.00"},{"v":-1205,"d":"-1205.00"}]
["","机械费合计",{"v":2218,"d":"2218.00"},{"v":2218,"d":"2218.00"}]
["","管理费合计",{"v":8123,"d":"8123.00"},{"v":7824,"d":"7824.00"},{"v":-299,"d":"-299.00"}]
["","风险费合计"]
["","利润合计",{"v":4526,"d":"4526.00"},{"v":4443,"d":"4443.00"},{"v":-83,"d":"-83.00"}]

{"sheet":"规费、人工费价差、税金审核书(1.1.1)","index":2,"n_rows":16,"n_cols":6,"rows_kept":16,"merged":[[0,0,0,5],[1,0,1,5],[2,0,2,4]],"flags":["formulas_cached_only"]}
["规费、人工费价差、税金审核书"]
["装饰工程"]
["工程名称：瑞樟教学区北区7-11号室内修缮工程",{"$nulls":4},"第1页 共1页"]
["序号","项 目 名 称","单位","审前造价","审后造价","审核增减"]
["1","规费","项",{"v":12567,"d":"12567.00"},{"v":11490,"d":"11490.00"},{"v":-1077,"d":"-1077.00"}]
["1.1","工程排污费","项"]
["1.2","劳保费用","项",{"v":11270,"d":"11270.00"},{"v":11058,"d":"11058.00"},{"v":-212,"d":"-212.00"}]
["1.3","农民工工伤保险费","项"]
["1.4","危险作业意外伤害保险费","项",{"v":441,"d":"441.00"},{"v":432,"d":"432.00"},{"v":-9,"d":"-9.00"}]
["1.5","价格调节基金","项",{"v":856,"d":"856.00"},null,{"v":-856,"d":"-856.00"}]
["2","人工费价差","项",{"v":41731,"d":"41731.00"},{"v":40174,"d":"40174.00"},{"v":-1557,"d":"-1557.00"}]
["2.1","土石方、拆除、搬运工程用工","项",{"v":5498.4,"d":"5498.40"},{"v":5498.4,"d":"5498.40"}]
["2.2","建筑装饰工程用工","项",{"v":29330.4,"d":"29330.40"},27773.46,-1556.94]
["2.3","其他工程用工","项",6902.01,6902.01]
["3","税金","项",{"v":9951,"d":"9951.00"},{"v":9708,"d":"9708.00"},{"v":-243,"d":"-243.00"}]
["","合  计","",{"v":64249,"d":"64249.00"},{"v":61372,"d":"61372.00"},{"v":-2877,"d":"-2877.00"}]

{"sheet":"分部分项审核书(含定额)(1.1.1)","index":3,"n_rows":54,"n_cols":12,"rows_kept":54,"merged":[[0,0,0,11],[1,0,1,11],[2,0,2,9],[2,10,2,11],[3,0,4,0],[3,1,4,1],[3,2,4,2],[3,3,4,3],[3,4,3,6],[3,7,3,9],[3,10,4,10],[3,11,4,11],[15,0,15,11],[16,0,16,11],[17,0,17,9],[17,10,17,11],[18,0,19,0],[18,1,19,1],[18,2,19,2],[18,3,19,3],[18,4,18,6],[18,7,18,9],[18,10,19,10],[18,11,19,11],[39,0,39,11],[40,0,40,11],[41,0,41,9],[41,10,41,11],[42,0,43,0],[42,1,43,1],[42,2,43,2],[42,3,43,3],[42,4,42,6],[42,7,42,9],[42,10,43,10],[42,11,43,11]],"flags":["formulas_cached_only"]}
["分部分项工程量清单审核书"]
["装饰工程"]
["工程名称：瑞樟教学区北区7-11号室内修缮工程",{"$nulls":9},"第1页 共3页"]
["序号","项目编码","项 目 名 称","单位","审前造价",null,null,"审后造价",null,null,"审核增","审核减"]
[{"$nulls":4},"原工程量","原单价","原合计","工程量","综合单价","合计"]
["1","020201002003","室内墙面、天棚粉刷基层修补\r\n(1)旧水泥砂浆混凝土、砖墙面铲除(按总面积的10％)\r\n(2)清除墙面油皮(抹灰面)(按总面积的90％)\r\n(3)14mm厚水泥砂浆基层(砖墙面)(按总面积的10％)\r\n(4)内墙柱面刮腻子 抹灰面(二道)\r\n(5)水泥漆 内墙面(一底二面)","m2",{"v":389,"d":"389.000"},14.46,5624.94,{"v":389,"d":"389.000"},14.46,5624.94]
["1.1","20106383","旧水泥砂浆混凝土、砖墙面铲除","m2",{"v":389,"d":"389.000"},1.16,451.24,{"v":389,"d":"389.000"},1.16,451.24]
["1.2","20102022","14mm厚水泥砂浆基层(砖墙面)","m2",{"v":389,"d":"389.000"},{"v":13.3,"d":"13.30"},{"v":5173.7,"d":"5173.70"},{"v":389,"d":"389.000"},{"v":13.3,"d":"13.30"},{"v":5173.7,"d":"5173.70"}]
["2","020201002007","室内墙面、天棚粉刷基层修补\r\n(1)旧水泥砂浆混凝土、砖墙面铲除(按总面积的10％)\r\n(2)清除墙面油皮(抹灰面)(按总面积的90％)\r\n(3)14mm厚水泥砂浆基层(砖墙面)(按总面积的10％)\r\n(4)内墙柱面刮腻子 抹灰面(二道)\r\n(5)水泥漆 内墙面(一底二面)","m2",{"v":8291.5,"d":"8291.500"},{"v":11.6,"d":"11.60"},{"v":96181.4,"d":"96181.40"},{"v":8291.5,"d":"8291.500"},{"v":11.6,"d":"11.60"},{"v":96181.4,"d":"96181.40"}]
["2.1","20105415T","内墙柱面刮腻子 抹灰面(二道)","m2",{"v":8291.5,"d":"8291.500"},5.12,42452.48,{"v":8291.5,"d":"8291.500"},5.12,42452.48]
["2.2","20105407","水泥漆 内墙面(一底二面)","m2",{"v":8291.5,"d":"8291.500"},6.48,53728.92,{"v":8291.5,"d":"8291.500"},6.48,53728.92]
["3","020501001002","门油漆","m2",{"v":99.5,"d":"99.500"},29.62,2947.19,{"v":99.5,"d":"99.500"},21.64,2153.18,null,794.01]
["3.1","20105001","木门油漆(底油一遍、刮腻子  调和漆两遍、磁漆一遍)","m2",{"v":99.5,"d":"99.500"},24.62,2449.69,null,24.62,null,null,2449.69]
["3.2","20105013","木门油漆(刷底油、油色 清漆两遍)","m2",{"$nulls":3},{"v":99.5,"d":"99.500"},16.64,1655.68,1655.68]
["","","本页小计：","","","",104753.53,"","",103959.52,null,794.01]
["分部分项工程量清单审核书"]
["装饰工程"]
["工程名称：瑞樟教学区北区7-11号室内修缮工程",{"$nulls":9},"第2页 共3页"]
["序号","项目编码","项 目 名 称","单位","审前造价",null,null,"审后造价",null,null,"审核增","审核减"]
[{"$nulls":4},"原工程量","原单价","原合计","工程量","综合单价","合计"]
["3.3","01","木门整修、更换配件（不含锁）","m2",{"v":99.5,"d":"99.500"},{"v":5,"d":"5.00"},{"v":497.5,"d":"497.50"},{"v":99.5,"d":"99.500"},{"v":5,"d":"5.00"},{"v":497.5,"d":"497.50"}]
["4","020503001003","木扶手油漆","m",{"v":483.6,"d":"483.600"},11.46,5542.06,{"v":483.6,"d":"483.600"},5.96,2882.26,null,{"v":2659.8,"d":"2659.80"}]
["4.1","20105186","金属面醇酸磁漆两遍","t",8.608,510.19,4391.72,null,510.19,null,null,4391.72]
["4.2","20105184","金属面调和漆两遍","t",{"$nulls":3},{"v":8.61,"d":"8.610"},200.71,1728.11,1728.11]
["4.3","20105194","金属面红丹防锈漆一遍","t",8.608,{"v":133.9,"d":"133.90"},1152.61,8.608,{"v":133.9,"d":"133.90"},1152.61]
["5","020504002002","卫生间隔板、隔板门维修、油漆","m2",{"v":200,"d":"200.000"},34.08,{"v":6816,"d":"6816.00"},{"v":200,"d":"200.000"},29.75,{"v":5950,"d":"5950.00"},null,{"v":866,"d":"866.00"}]
["5.1","20105134","其他木材面油漆(底油一遍、刮腻子 调和漆两遍 磁漆一遍)","m2",{"v":200,"d":"200.000"},{"v":15.4,"d":"15.40"},{"v":3080,"d":"3080.00"},null,{"v":15.4,"d":"15.40"},null,null,{"v":3080,"d":"3080.00"}]
["5.2","20105148","其他木材面刷底油、油色、清漆两遍","m2",{"$nulls":3},{"v":200,"d":"200.000"},11.07,{"v":2214,"d":"2214.00"},{"v":2214,"d":"2214.00"}]
["5.3","20102354T","卫生间隔板整修","m2",{"v":200,"d":"200.000"},18.68,{"v":3736,"d":"3736.00"},{"v":200,"d":"200.000"},18.68,{"v":3736,"d":"3736.00"}]
["6","030804017002","地漏","个",{"v":124,"d":"124.000"},25.89,3210.36,{"v":124,"d":"124.000"},25.89,3210.36]
["6.1","30804071","地漏(带存水弯) DN50","个",{"v":124,"d":"124.000"},25.89,3210.36,{"v":124,"d":"124.000"},25.89,3210.36]
["7","闽010901032002","室内改造整修","项",{"v":1,"d":"1.000"},86354.07,86354.07,{"v":1,"d":"1.000"},86354.07,86354.07]
["7.1","20106366","拆除标准红砖砌体","m3",{"v":58,"d":"58.000"},33.56,1946.48,{"v":58,"d":"58.000"},33.56,1946.48]
["7.2","20106434","电气照明拆除电线管","m",{"v":300,"d":"300.000"},{"v":3,"d":"3.00"},{"v":900,"d":"900.00"},{"v":300,"d":"300.000"},{"v":3,"d":"3.00"},{"v":900,"d":"900.00"}]
["7.3","10103296","加气混凝土砌块 干混砂浆 (120厚以内)","m3",{"v":109,"d":"109.000"},383.53,41804.77,{"v":109,"d":"109.000"},383.53,41804.77]
["7.4","20102022","14mm厚水泥砂浆基层(砖墙面)","m2",{"v":1290,"d":"1290.000"},{"v":13.3,"d":"13.30"},{"v":17157,"d":"17157.00"},{"v":1290,"d":"1290.000"},{"v":13.3,"d":"13.30"},{"v":17157,"d":"17157.00"}]
["7.5","20105415T","内墙柱面刮腻子 抹灰面(二道)","m2",{"v":1290,"d":"1290.000"},5.12,{"v":6604.8,"d":"6604.80"},{"v":1290,"d":"1290.000"},5.12,{"v":6604.8,"d":"6604.80"}]
["7.6","20105407","水泥漆 内墙面(一底二面)","m2",{"v":1290,"d":"1290.000"},6.48,{"v":8359.2,"d":"8359.20"},{"v":1290,"d":"1290.000"},6.48,{"v":8359.2,"d":"8359.20"}]
["","","本页小计：","","","",101922.49,"","",98396.69,null,{"v":3525.8,"d":"3525.80"}]
["分部分项工程量清单审核书"]
["装饰工程"]
["工程名称：瑞樟教学区北区7-11号室内修缮工程",{"$nulls":9},"第3页 共3页"]
["序号","项目编码","项 目 名 称","单位","审前造价",null,null,"审后造价",null,null,"审核增","审核减"]
[{"$nulls":4},"原工程量","原单价","原合计","工程量","综合单价","合计"]
["","","",""]
["7.7","30212142","金属软管敷设 公称管径(25mm以内)","m",{"v":150,"d":"150.000"},27.55,{"v":4132.5,"d":"4132.50"},{"v":150,"d":"150.000"},27.55,{"v":4132.5,"d":"4132.50"}]
["7.8","30212143","金属软管敷设 公称管径(32mm以内)","m",{"v":100,"d":"100.000"},32.05,{"v":3205,"d":"3205.00"},{"v":100,"d":"100.000"},32.05,{"v":3205,"d":"3205.00"}]
["7.9","30212255","线槽配线 单芯导线截面(4mm2以内)","m单线",{"v":369,"d":"369.000"},3.92,1446.48,{"v":369,"d":"369.000"},3.92,1446.48]
["7.10","30212254","线槽配线 单芯导线截面(2.5mm2以内)","m单线",{"v":200,"d":"200.000"},2.71,{"v":542,"d":"542.00"},{"v":200,"d":"200.000"},2.71,{"v":542,"d":"542.00"}]
["7.11","30213181","单相暗插座 5孔","套",{"v":12,"d":"12.000"},21.32,255.84,{"v":12,"d":"12.000"},21.32,255.84]
["8","闽010901032003","空调外机位维修","项",{"v":1,"d":"1.000"},{"v":11250,"d":"11250.00"},{"v":11250,"d":"11250.00"},{"v":1,"d":"1.000"},{"v":11250,"d":"11250.00"},{"v":11250,"d":"11250.00"}]
["8.1","01","空调外机位维修","项",{"v":250,"d":"250.000"},{"v":45,"d":"45.00"},{"v":11250,"d":"11250.00"},{"v":250,"d":"250.000"},{"v":45,"d":"45.00"},{"v":11250,"d":"11250.00"}]
["","","本页小计：","","","",{"v":11250,"d":"11250.00"},"","",{"v":11250,"d":"11250.00"}]
["","","合    计：","","","",217926.02,"","",213606.21,null,4319.81]

{"sheet":"措施分项审核书2(1.1.1)","index":4,"n_rows":13,"n_cols":11,"rows_kept":13,"merged":[[0,0,0,10],[1,0,1,10],[2,0,2,8],[2,9,2,10],[3,0,4,0],[3,1,4,1],[3,2,4,2],[3,3,4,3],[3,4,3,6],[3,7,3,9],[3,10,4,10]],"flags":["formulas_cached_only"]}
["措施项目工程量清单审核书"]
["装饰工程"]
["工程名称：瑞樟教学区北区7-11号室内修缮工程",{"$nulls":8},"第1页 共1页"]
["序号","项目编码","项 目 名 称","单位","审前造价",null,null,"审后造价",null,null,"审核增减"]
[{"$nulls":4},"原工程量","原单价","原合计","工程量","综合单价","合计"]
["1","0205001","二次搬运","项",{"v":1,"d":"1.000"},7576.09,7576,{"v":1,"d":"1.000"},7576.09,7576]
["2","20108062","人工搬运水泥、石灰、油漆、涂料上4～6层楼","t",28.844,60.08,1733,28.844,60.08,1733]
["3","20108050","人工搬运砂土上4～6层楼","m3",11.199,43.11,483,11.199,43.11,483]
["4","20108167","人工搬运垃圾向下6～4层","m3",{"v":124.37,"d":"124.370"},{"v":43.1,"d":"43.10"},5360,{"v":124.37,"d":"124.370"},{"v":43.1,"d":"43.10"},5360]
["5","0101001","环境保护","项",{"v":1,"d":"1.000"},{"v":4146.5,"d":"4146.50"},4147,{"v":1,"d":"1.000"},{"v":4146.5,"d":"4146.50"},4147]
["6","20108169","人工装卸汽车运垃圾运距3km以内","m3",{"v":124.37,"d":"124.370"},33.34,4147,{"v":124.37,"d":"124.370"},33.34,4147]
["","","本页小计：","","","",11723,"","",11723]
["","","合    计：","","","",11723,"","",11723]

{"sheet":"主要材料价格表(含合计)(1.1.1)","index":5,"n_rows":70,"n_cols":8,"rows_kept":70,"merged":[[0,0,0,7],[1,0,1,7],[2,0,2,7],[3,0,3,5],[3,6,3,7],[41,0,41,7],[42,0,42,7],[43,0,43,7],[44,0,44,5],[44,6,44,7]],"flags":["formulas_cached_only"]}
["主要材料价格表"]
["装饰工程"]
["武夷山2013年3-4月份(含1季度台班)材料价格"]
["工程名称：瑞樟教学区北区7-11号室内修缮工程",{"$nulls":5},"第1页 共2页"]
["序号","材料编号","材料名称","规格型号","单位","数量","单价","合计"]
["1","010100100009000","土石方、拆除、搬运工日","","工日",274.916,{"v":36,"d":"36.00"},9896.98]
["2","010100500021000","综合工日","","工日",255.632,{"v":48,"d":"48.00"},12270.33]
["3","010100300043000","综合工日","装饰工","工日",{"v":841.62,"d":"841.620"},{"v":58,"d":"58.00"},48813.98]
["4","110100100001000","水泥","32.5","kg",11192.214,0.38,4197.08]
["5","160100300029000","松木锯材","","m3",0.006,{"v":1310,"d":"1310.00"},7.86]
["6","160100300017000","杉枋材","","m3",{"v":1.2,"d":"1.200"},{"v":1520,"d":"1520.00"},{"v":1824,"d":"1824.00"}]
["7","231700100085000","加气混凝土砌筑专用砂浆胶结料","","kg",2210.258,1.35,2983.85]
["8","210500300023000","腻子粉","","kg",{"v":26828.2,"d":"26828.200"},1.15,30852.43]
["9","170500100039000","中(细)砂","损耗2%+膨胀1.18","m3",28.258,{"v":110,"d":"110.00"},3108.33]
["10","170500100037000","中(粗)砂","损耗2%+膨胀1.18","m3",6.501,{"v":110,"d":"110.00"},715.08]
["11","124100100115000","水泥砂浆1:3(32.5)","","m3",27.703,264.39,7324.53]
["12","124300100093000","加气混凝土专用砌筑砂浆","","m3",6.191,597.98,3702.21]
["13","","其它材料费","","元",11517.158,{"v":1,"d":"1.00"},11517.16]
["14","460100300081001","单相暗插座 5孔","","套",{"v":12.24,"d":"12.240"},{"v":12.6,"d":"12.60"},154.22]
["15","450100100239001","绝缘导线","BV-4","m",{"v":376.38,"d":"376.380"},{"v":3.2,"d":"3.20"},1204.42]
["16","450100100235000","塑料绝缘线","BV-2.5","m",12.816,1.24,15.89]
["17","450100100233001","绝缘导线","BV-2.5","m",{"v":204,"d":"204.000"},{"v":2.1,"d":"2.10"},{"v":428.4,"d":"428.40"}]
["18","240300700055000","酒精","","kg",{"v":0.2,"d":"0.200"},5.51,{"v":1.1,"d":"1.10"}]
["19","240300700015000","催干剂","","kg",2.543,6.63,16.86]
["20","240100500059000","熟桐油","","kg",8.679,13.02,112.99]
["21","240100500053000","清油","","kg",5.127,{"v":9,"d":"9.00"},46.15]
["22","240100500011000","防腐油","","kg",{"v":1.8,"d":"1.800"},{"v":9.8,"d":"9.80"},17.64]
["23","240100300013000","油漆溶剂油","200#","kg",43.231,6.12,264.57]
["24","210700100011000","醇酸漆稀释剂","","kg",null,6.32]
["25","210301100009000","无光调和漆","","kg",null,10.59]
["26","210300900009000","防锈漆(红丹)","","kg",40.802,{"v":13,"d":"13.00"},530.42]
["27","210301100001000","调和漆","","kg",55.448,{"v":12,"d":"12.00"},665.38]
["28","210301900129000","漆片","各种规格","kg",null,20.09]
["29","210300100003000","醇酸磁漆","","kg",null,{"v":11,"d":"11.00"}]
["30","210300500007000","酚醛清漆","各色","kg",47.282,10.34,{"v":488.9,"d":"488.90"}]
["31","433900100019000","金属软管尼龙接头","32","个",{"v":147.2,"d":"147.200"},1.62,238.46]
["32","433900100017000","金属软管尼龙接头","25","个",{"v":220.8,"d":"220.800"},{"v":0.9,"d":"0.90"},198.72]
["33","421900100033001","金属软管敷设 公称管径(32mm以内)","","m",{"v":103,"d":"103.000"},5.25,540.75]
["34","421900100031001","金属软管敷设 公称管径(25mm以内)","","m",{"v":154.5,"d":"154.500"},3.28,506.76]
["35","131300100783000","管卡子(金属软管用)","32","个",{"v":294.4,"d":"294.400"},1.63,479.87]
["36","131300100781000","管卡子(金属软管用)","25","个",{"v":441.6,"d":"441.600"},1.58,697.73]
["主要材料价格表"]
["装饰工程"]
["武夷山2013年3-4月份(含1季度台班)材料价格"]
["工程名称：瑞樟教学区北区7-11号室内修缮工程",{"$nulls":5},"第2页 共2页"]
["序号","材料编号","材料名称","规格型号","单位","数量","单价","合计"]
["37","520500100433000","镀锌锁紧螺母(金属软管用)","32","个",{"v":291.2,"d":"291.200"},0.33,{"v":96.1,"d":"96.10"}]
["38","520500100431000","镀锌锁紧螺母(金属软管用)","25","个",{"v":436.8,"d":"436.800"},0.28,{"v":122.3,"d":"122.30"}]
["39","131300100247000","镀锌管接头(金属软管用)","32","个",{"v":147.2,"d":"147.200"},1.14,167.81]
["40","131300100245000","镀锌管接头(金属软管用)","25","个",{"v":220.8,"d":"220.800"},0.95,209.76]
["41","400301300013000","地漏","DN50","个",{"v":124,"d":"124.000"},8.16,1011.84]
["42","400301300155000","存水弯","S型DN50","个",{"v":124.62,"d":"124.620"},{"v":6.5,"d":"6.50"},810.03]
["43","520700100317000","其他材料费","","元",4829.036,{"v":1,"d":"1.00"},4829.04]
["44","520700100383000","水","","m3",32.388,{"v":2.3,"d":"2.30"},74.49]
["45","520100100027000","豆包布（白布）","0.9m宽","m",0.985,{"v":4,"d":"4.00"},3.94]
["46","520500101009000","自攻螺丝","M4×15","百个",{"v":9.6,"d":"9.600"},{"v":2.5,"d":"2.50"},{"v":24,"d":"24.00"}]
["47","520700100663000","砂纸","","张",{"v":83.79,"d":"83.790"},{"v":0.2,"d":"0.20"},16.76]
["48","520500100895000","膨胀螺栓","M8×80","套",{"v":115.8,"d":"115.800"},0.27,31.27]
["49","520500300179000","水泥钉","10#","个",{"v":60,"d":"60.000"},{"v":0.1,"d":"0.10"},{"v":6,"d":"6.00"}]
["50","520500300183000","铁钉","","kg",{"v":2.4,"d":"2.400"},4.28,10.27]
["51","520700100671000","铁砂布","0#～2#","张",94.694,{"v":0.7,"d":"0.70"},66.29]
["52","210301100007000","色调和漆","","kg",1.915,{"v":10,"d":"10.00"},19.15]
["53","210100100029000","内墙水泥漆面漆","","kg",{"v":2107.93,"d":"2107.930"},{"v":16,"d":"16.00"},33726.88]
["54","210100100017000","内墙水泥漆底漆","","kg",1245.595,6.18,7697.78]
["55","190300100039000","胶合板","五夹板","m2",{"v":63,"d":"63.000"},{"v":11.5,"d":"11.50"},{"v":724.5,"d":"724.50"}]
["56","191100300017000","石膏粉","","kg",10.095,{"v":0.6,"d":"0.60"},6.06]
["57","170100100047000","加气混凝土砌块","","m3",106.057,268.08,28431.44]
["58","612300100261000","其他机械费","","元",{"v":18,"d":"18.000"},{"v":1,"d":"1.00"},{"v":18,"d":"18.00"}]
["59","611100100027000","灰浆搅拌机","200L","台班",5.028,15.62,78.54]
["60","610700100103001","载重汽车","4t","台班",{"v":5.97,"d":"5.970"},354.16,2114.25]